| 000 | 01369nam a2200373 a 4500 | ||
|---|---|---|---|
| 003 | AR-BaBNM | ||
| 005 | 20251128203009.0 | ||
| 008 | 082120s2002 ||||||||||||||000 | spa|| | ||
| 040 | _cAR-BaBNM | ||
| 100 | 1 | _aLascano, Julio Raúl | |
| 245 | 0 | 0 |
_aLos estudios superiores en la historia de Buenos Aires _bhomenaje al 4to. Centenario de la Fundación de la Ciudad de Buenos Aires |
| 260 |
_aBuenos Aires _bMunicipalidad de la Ciudad de Buenos Aires _c1981 |
||
| 300 | _a347 p. | ||
| 500 | _aContiene referencias bibliográficas en notas a pie de página | ||
| 610 | 2 | 4 | _aReal Colegio Convictorio Carolino |
| 610 | 2 | 4 | _aColegio de la Unión del Sud |
| 610 | 2 | 4 | _aUniversidad de Buenos Aires |
| 610 | 2 | 4 | _aInstitutos Superiores de Cultura |
| 610 | 2 | 4 | _aPontificia Universidad Católica Argentina Santa María de los Buenos Aires |
| 610 | 2 | 4 | _aUniversidad Tecnológica Nacional [Argentina] |
| 650 | 4 | _aUNIVERSIDADES | |
| 650 | 4 | _aHISTORIA DE LA EDUCACION | |
| 650 | 4 | _aORGANIZACION DE LA EDUCACION | |
| 650 | 4 | _aSIGLO DIECINUEVE | |
| 650 | 4 | _aIGLESIA Y EDUCACION | |
| 651 | 4 | _aArgentina | |
| 653 | _aEDUCACION SUPERIOR | ||
| 653 | _aREFORMA UNIVERSITARIA | ||
| 700 | 1 |
_aRodríguez Egaña, Félix _ecolaborador |
|
| 700 | 1 |
_aPugliese, María Rosa _ecolaborador |
|
| 700 | 1 |
_aAducci, Roberto Jorge _ecolaborador |
|
| 942 | _cBK | ||
| 998 | _cSILVI | ||
| 999 |
_c1438 _d1438 |
||